<?xml version="1.0" encoding="UTF-8"?><marc:collection xmlns:marc="http://www.loc.gov/MARC21/slim">
  <marc:record>
    <marc:leader>00000nam##2200000za#4500</marc:leader>
    <marc:controlfield tag="001">9.572546</marc:controlfield>
    <marc:controlfield tag="003">CaOODSP</marc:controlfield>
    <marc:controlfield tag="005">20220111083113</marc:controlfield>
    <marc:controlfield tag="007">cr |||||||||||</marc:controlfield>
    <marc:controlfield tag="008">150406|1998||||xxc|||||o    f|0| 0 eng|d</marc:controlfield>
    <marc:datafield tag="022" ind1=" " ind2=" ">
      <marc:subfield code="a">1928-6414</marc:subfield>
    </marc:datafield>
    <marc:datafield tag="040" ind1=" " ind2=" ">
      <marc:subfield code="a">CaOODSP</marc:subfield>
      <marc:subfield code="b">eng</marc:subfield>
    </marc:datafield>
    <marc:datafield tag="043" ind1=" " ind2=" ">
      <marc:subfield code="a">n-cn---</marc:subfield>
    </marc:datafield>
    <marc:datafield tag="086" ind1="1" ind2=" ">
      <marc:subfield code="a">NE22-1/1998-5E-PDF</marc:subfield>
    </marc:datafield>
    <marc:datafield tag="110" ind1="1" ind2=" ">
      <marc:subfield code="a">Canada. </marc:subfield>
      <marc:subfield code="b">National Energy Board.</marc:subfield>
    </marc:datafield>
    <marc:datafield tag="245" ind1="1" ind2="0">
      <marc:subfield code="a">Key documents related to the Board's decision on the framework for light-handed regulation in the matter of Westcoast Energy Inc. : </marc:subfield>
      <marc:subfield code="h">[electronic resource]</marc:subfield>
      <marc:subfield code="b">application dated 5 March 1998 </marc:subfield>
    </marc:datafield>
    <marc:datafield tag="246" ind1="1" ind2=" ">
      <marc:subfield code="i">Variant title : </marc:subfield>
      <marc:subfield code="a">Westcoast Energy Inc. framework summary</marc:subfield>
    </marc:datafield>
    <marc:datafield tag="260" ind1=" " ind2=" ">
      <marc:subfield code="a">Calgary - Alberta : </marc:subfield>
      <marc:subfield code="b">National Energy Board </marc:subfield>
      <marc:subfield code="c">June 1998.</marc:subfield>
    </marc:datafield>
    <marc:datafield tag="300" ind1=" " ind2=" ">
      <marc:subfield code="a">41p.</marc:subfield>
      <marc:subfield code="b">tables</marc:subfield>
    </marc:datafield>
    <marc:datafield tag="490" ind1="1" ind2=" ">
      <marc:subfield code="a">Reasons for decision</marc:subfield>
      <marc:subfield code="x">1928-6414</marc:subfield>
      <marc:subfield code="v">[RHW-1-98]</marc:subfield>
    </marc:datafield>
    <marc:datafield tag="590" ind1=" " ind2=" ">
      <marc:subfield code="a">12-09-Supp</marc:subfield>
      <marc:subfield code="b">2012-03-21</marc:subfield>
    </marc:datafield>
    <marc:datafield tag="775" ind1="0" ind2="8">
      <marc:subfield code="t">Principaux documents liés à la décision de l'Office concernant le Cadre de réglementation assoupli relativement à Westcoast Energy Inc. : </marc:subfield>
      <marc:subfield code="w">(CaOODSP)9.602891</marc:subfield>
    </marc:datafield>
    <marc:datafield tag="776" ind1="0" ind2="#">
      <marc:subfield code="t">Westcoast Energy Inc. : </marc:subfield>
      <marc:subfield code="w">(CaOODSP)9.614420</marc:subfield>
    </marc:datafield>
    <marc:datafield tag="830" ind1="#" ind2="0">
      <marc:subfield code="a">Reasons for decision (Canada. National Energy Board)</marc:subfield>
      <marc:subfield code="x">1928-6414</marc:subfield>
      <marc:subfield code="v">[RHW-1-98]</marc:subfield>
      <marc:subfield code="w">(CaOODSP)9.504480</marc:subfield>
    </marc:datafield>
    <marc:datafield tag="856" ind1="4" ind2="0">
      <marc:subfield code="a">http://publications.gc.ca</marc:subfield>
      <marc:subfield code="q">PDF</marc:subfield>
      <marc:subfield code="s">146 KB</marc:subfield>
      <marc:subfield code="u">https://publications.gc.ca/collections/Collection/NE22-1-1998-5E.pdf</marc:subfield>
      <marc:subfield code="y">[RHW-1-98]</marc:subfield>
    </marc:datafield>
  </marc:record>
</marc:collection>
